| 000 | 00842nam a22003017a 4500 | ||
|---|---|---|---|
| 001 | 000104732 | ||
| 003 | CHAP | ||
| 005 | 20220329143734.0 | ||
| 008 | 110516s1983 mx r 00110 spa d | ||
| 010 | _a101194 | ||
| 011 | _a102166 | ||
| 020 | _a9681314905 | ||
| 035 | _a112854 | ||
| 040 | _cCHAP | ||
| 082 | 1 | 0 |
_a823 _bC55 |
| 100 | 1 |
_aClarke, Arthur C. _923642 |
|
| 245 | 1 | 0 |
_a2010 : _bOdisea dos / _c/por Arthur C. Clarke. |
| 260 |
_aMéxico : _bEdivisión, _c1983. |
||
| 300 |
_a265 p. : _bilus. |
||
| 590 |
_aBATCH-UPD _b10 _c20130110 _lUCH01 _h1948 |
||
| 590 |
_aCONVERSION _b10 _c20130109 _lUCH01 _h1356 |
||
| 590 |
_aE11695DGD _b10 _c20141014 _lUCH01 _h0845 |
||
| 650 | 1 | 4 |
_aNovela estadounidense. _982019 |
| 901 | _aBK | ||
| 942 | _cLIBRO | ||
| 942 | _n0 | ||
| 949 |
_a823 C55 _bBC _cLIBRO _d33724002255124 _eLIBRO _h114918 _i112854 _sb |
||
| 999 |
_c101194 _d101194 |
||